[Event "VIE-ch U17"]
[Site "Hai Phong"]
[Date "2018.07.09"]
[Round "5"]
[White "Nguyen, Tuan Ngoc"]
[Black "Luong, Duy Loc"]
[Result "1-0"]
[WhiteElo "1773"]
[BlackElo "1776"]
[PlyCount "106"]
[EventDate "2018.07.07"]
[EventType "swiss"]
[EventRounds "9"]
[EventCountry "VIE"]
[SourceTitle "EXT 2019"]
[Source "ChessBase"]
[SourceDate "2018.10.10"]
[SourceVersion "1"]
[SourceVersionDate "2018.10.10"]
[SourceQuality "1"]

1. d4 d5 2. c4 c6 3. Nf3 Nf6 4. Nc3 e6 5. e3 Be7 6. Bd3 dxc4 7. Bxc4 b5 8. Bd3 Bb7 9. 0-0 a6 10. a3 c5 11. dxc5 Bxc5 12. b4 Be7 13. Bb2 0-0 14. Qe2 Nbd7 15. Rfd1 Qb6 16. Rd2 Rfd8 17. Rad1 Bxf3 18. Qxf3 Ne5 19. Qe2 Nxd3 20. Rxd3 Rxd3 21. Rxd3 a5 22. Na2 axb4 23. Nxb4 Bxb4 24. axb4 Nd5 25. Qg4 g6 26. h4 f5 27. Qg5 Qd8 28. Qh6 Qf8 29. Qg5 Qd8 30. Qg3 Qb8 31. Be5 Qf8 32. h5 Qh6 33. Bb2 Kf7 34. Qd6 Ra7 35. Qc5 Rc7 36. hxg6+ Qxg6 37. Qxb5 Qg4 38. Rd4 Qg5 39. Qd3 Qe7 40. b5 Qc5 41. Rh4 Ke8 42. Qe2 Qc2 43. Qh5+ Kd8 44. Qg5+ Kc8 45. Be5 Re7 46. Bd6 Re8 47. Rxh7 Qb1+ 48. Kh2 Qxb5 49. Qg7 Qc6 50. Be5 Re7 51. Rh8+ Re8 52. Rh5 Re7 53. Qg6 Re8 1-0

[Event "VIE-ch U17"]
[Site "Hai Phong"]
[Date "2018.07.07"]
[Round "1"]
[White "Nguyen, Tuan Ngoc"]
[Black "Ngo, Hoang Long"]
[Result "0-1"]
[WhiteElo "1773"]
[BlackElo "1758"]
[PlyCount "92"]
[EventDate "2018.07.07"]
[EventType "swiss"]
[EventRounds "9"]
[EventCountry "VIE"]
[SourceTitle "EXT 2019"]
[Source "ChessBase"]
[SourceDate "2018.10.10"]
[SourceVersion "1"]
[SourceVersionDate "2018.10.10"]
[SourceQuality "1"]

1. e4 e6 2. d4 d5 3. Nc3 dxe4 4. Nxe4 Nd7 5. Nf3 Ngf6 6. Ng3 c5 7. c3 cxd4 8. Nxd4 Be7 9. Bc4 Ne5 10. Bb3 0-0 11. 0-0 Qb6 12. Qe2 Ng6 13. Bc2 Rd8 14. b4 Bd7 15. Bb2 Nd5 16. a3 Ndf4 17. Qe4 Bc6 18. Nxc6 bxc6 19. Rfd1 c5 20. Nf1 Bf6 21. Rab1 cxb4 22. cxb4 Bxb2 23. Rxb2 Nd5 24. Qf3 Rac8 25. Bxg6 hxg6 26. Rb3 Rc2 27. Ng3 Rdc8 28. Ne4 R8c4 29. h3 Qb8 30. g3 Qe5 31. Nc5 R4c3 32. Rxc3 Rxc3 33. Qg4 Rxa3 34. b5 Ra1 35. Kg2 Rxd1 36. Qxd1 Qb2 37. Qa4 Qe2 38. Qb3 g5 39. Nd7 g4 40. h4 Qe4+ 41. Kg1 Qd4 42. Qa3 Nb4 43. b6 axb6 44. Qa8+ Kh7 45. Qa4 g6 46. Nf6+ Qxf6 0-1